[Event "SVK Amateur-ch 2020"]
[Site "Topolcany"]
[Date "2020.07.13"]
[Round "6.17"]
[White "Balazs, Ladislav"]
[Black "Panko, Radoslav"]
[Result "0-1"]
[WhiteElo "2088"]
[BlackElo "2025"]
[Annotator "ChessBase"]
[PlyCount "80"]
[EventDate "2020.07.10"]
[EventType "swiss"]
[EventCountry "SVK"]
[SourceTitle "playchess.com"]
[Source "ChessBase"]
[SourceQuality "1"]
[TimeControl "3600+30"]

1. d4 {[%emt 0:00:00]} e6 {[%emt 0:00:00]} 2. c4 {[%emt 0:00:05]} b6 {[%emt 0:00:00]} 3. a3 {[%emt 0:01:02]} Bb7 {[%emt 0:00:17]} 4. Nc3 {[%emt 0:00:13]} f5 {[%emt 0:02:09]} 5. d5 {[%emt 0:00:26]} Nf6 {[%emt 0:05:42]} 6. Nf3 {[%emt 0:04:30]} Be7 {[%emt 0:00:56]} 7. g3 {[%emt 0:05:54]} Ne4 {[%emt 0:18:22]} 8. Bg2 Nxc3 {[%emt 0:01:17]} 9. bxc3 {[%emt 0:19:48]} e5 {[%emt 0:09:30]} 10. e4 {[%emt 0:11:17]} O-O {[%emt 0:06:32]} 11. exf5 {[%emt 0:03:59]} Rxf5 {[%emt 0:00:22]} 12. Qc2 {[%emt 0:00:32]} Qf8 {[%emt 0:00:57]} 13. Qe2 {[%emt 0:02:52]} d6 {[%emt 0:01:43]} 14. Nd2 {[%emt 0:04:17]} Rf7 {[%emt 0:01:21]} 15. Nf1 {[%emt 0:02:59]} Bc8 {[%emt 0:00:27]} 16. Ne3 {[%emt 0:00:49]} Bg5 {[%emt 0:01:09]} 17. O-O {[%emt 0:01:14]} Nd7 {[%emt 0:05:39]} 18. h4 {[%emt 0:02:37]} Bxe3 {[%emt 0:00:55]} 19. Bxe3 {[%emt 0:00:52]} Nf6 {[%emt 0:00:46]} 20. a4 {[%emt 0:02:13]} a5 {[%emt 0:00:33]} 21. f4 {[%emt 0:00:12]} Bg4 {[%emt 0:03:31]} 22. Qc2 {[%emt 0:00:59]} Re8 {[%emt 0:01:50]} 23. fxe5 {[%emt 0:00:07]} Rxe5 {[%emt 0:00:21]} 24. Bd4 {[%emt 0:00:54]} Ree7 {[%emt 0:01:43]} 25. Rf2 {[%emt 0:00:43]} Nh5 {[%emt 0:00:38]} 26. Rxf7 {[%emt 0:02:36]} Qxf7 {[%emt 0:01:03]} 27. Rf1 {[%emt 0:00:29]} Qg6 {[%emt 0:01:55]} 28. Qf2 {[%emt 0:00:33]} Qe8 {[%emt 0:00:30]} 29. Bf3 {[%emt 0:00:50]} Bxf3 {[%emt 0:00:30]} 30. Qxf3 {[%emt 0:00:03]} Rf7 {[%emt 0:00:37]} 31. Qg4 {[%emt 0:01:24]} Rxf1+ {[%emt 0:01:34]} 32. Kxf1 {[%emt 0:00:01]} g6 {[%emt 0:01:11]} 33. Kf2 {[%emt 0:00:53]} Ng7 {[%emt 0:00:39]} 34. Bxg7 {[%emt 0:00:43]} Kxg7 {[%emt 0:00:22]} 35. Qd4+ {[%emt 0:00:33]} Kg8 {[%emt 0:01:27]} 36. g4 {[%emt 0:00:34]} Qxa4 {[%emt 0:00:33]} 37. h5 {[%emt 0:00:20]} gxh5 {[%emt 0:00:36]} 38. gxh5 {[%emt 0:00:02]} Qc2+ {[%emt 0:00:31]} 39. Ke1 {[%emt 0:00:11]} Qf5 {[%emt 0:00:10]} 40. h6 {[%emt 0:00:40]} Qe5+ {[%emt 0:00:06]} 0-1

[Event "SVK Amateur-ch 2020"]
[Site "Topolcany"]
[Date "2020.07.13"]
[Round "6.17"]
[White "Skrinar, Marek"]
[Black "Paluska, Karol"]
[Result "1/2-1/2"]
[WhiteElo "1654"]
[BlackElo "1873"]
[Annotator "NA"]
[PlyCount "60"]
[EventDate "2020.07.10"]
[EventType "swiss"]
[EventCountry "SVK"]
[SourceTitle "playchess.com"]
[Source "ChessBase"]
[SourceQuality "1"]
[TimeControl "3600+30"]

{[%evp 9,54,19,18,32767,32767,8,32767,-1,-4,-14,32767,-21,-9,-7,-10,-34,17,-16,-18,-23,-25,-22,0,-6,32767,-8,24,20,32767,30,56,-21,32767,-4,-7,-29,73,32767,38,-44,-43,-36,-25,32767,32767,-39,0]} 1. e4 {[%emt 0:07:03]} c6 {[%emt 0:00:00]} 2. d4 {[%emt 0:00:39]} d5 {[%emt 0:00:00]} 3. Nd2 {[%emt 0:00:10]} dxe4 {[%emt 0:00:00]} 4. Nxe4 {[%emt 0:00:06]} Bf5 {[%emt 0:00:00]} 5. Ng3 {[%emt 0:00:15]} Bg6 $1 {[%emt 0:00:00]} 6. Nf3 {[%emt 0:00:33]} Nd7 {[%emt 0:00:06]} 7. h4 {[%emt 0:00:33]} h6 {[%emt 0:00:05]} 8. Bc4 {[%emt 0:00:57]} e6 {[%emt 0:01:29]} 9. c3 {[%emt 0:02:53] B19: Classical Caro-Kann: 4...Bf5 main line.} Ngf6 {[%emt 0:00:07]} 10. Bd3 {[%emt 0:00:29]} Bxd3 {[%emt 0:01:06]} 11. Qxd3 {[%emt 0:00:15]} Bd6 {[%emt 0:00:40]} 12. Ne4 {[%emt 0:01:39] [#]} Qc7 $146 {[%emt 0:00:50]} ({Predecessor:} 12... Nxe4 13. Qxe4 Nf6 14. Qd3 Qc7 15. Bd2 O-O-O 16. O-O-O c5 17. Kb1 Kb8 {0-1 (51) Lu,D-Yu,M Kuala Lumpur 2005}) 13. Be3 {[%emt 0:02:54]} Nxe4 {[%emt 0:03:00]} 14. Qxe4 {[%emt 0:00:13]} Nf6 {[%emt 0:00:05]} 15. Qd3 {[%emt 0:01:05]} O-O-O {[%emt 0:02:40]} 16. O-O-O {[%emt 0:02:14]} Rhe8 {[%emt 0:04:51]} 17. Qc2 {[%emt 0:03:02]} b6 {[%emt 0:11:31]} 18. Kb1 {[%emt 0:03:14]} Kb7 {[%emt 0:00:11]} 19. Rhe1 {[%emt 0:01:02]} c5 {[%emt 0:04:51]} 20. Nd2 {[%emt 0:13:46]} ({Better is} 20. dxc5 $14 Bxc5 21. Rxd8 Rxd8 22. Bxc5 Qxc5 23. Ne5) 20... c4 {[%emt 0:03:36]} 21. Ne4 {[%emt 0:01:58]} Nd5 {[%emt 0:01:26]} 22. Qa4 {[%emt 0:04:21]} Rc8 {[%emt 0:03:33]} (22... Bf8 $15) 23. g3 {[%emt 0:06:53]} a6 {[%emt 0:01:26]} ({Black should play} 23... Be7 $11) 24. Re2 {[%emt 0:01:46]} (24. Qxc4 $1 $14 Bxg3 25. fxg3 Qxc4 26. Nd6+ {[%mdl 64] Double Attack} Ka8 27. Nxc4 Rxc4 28. Bf4) 24... b5 {[%emt 0:01:41]} 25. Qc2 {[%emt 0:00:12]} Qc6 {[%emt 0:04:48]} 26. Rde1 {[%emt 0:01:50]} Ra8 {[%emt 0:00:12]} 27. Bc1 {[%emt 0:05:02]} a5 $11 {[%emt 0:03:09]} 28. f4 {[%emt 0:07:44]} Bf8 {[%emt 0:01:19]} 29. Nd2 {[%emt 0:00:47]} Rec8 {[%emt 0:00:50]} 30. f5 {[%emt 0:00:28]} Re8 {[%emt 0:02:41]} 1/2-1/2

[Event "SVK Amateur-ch 2020"]
[Site "Topolcany"]
[Date "2020.07.13"]
[Round "6.18"]
[White "Janco, Darius"]
[Black "Lecky, Juraj"]
[Result "0-1"]
[WhiteElo "2003"]
[BlackElo "2083"]
[Annotator "ChessBase"]
[PlyCount "62"]
[EventDate "2020.07.10"]
[EventType "swiss"]
[EventCountry "SVK"]
[SourceTitle "playchess.com"]
[Source "ChessBase"]
[SourceQuality "1"]
[TimeControl "3600+30"]

1. d4 {[%emt 0:16:46]} Nf6 {[%emt 0:01:50]} 2. c4 {[%emt 0:00:15]} c5 {[%emt 0:00:04]} 3. d5 {[%emt 0:00:16]} e6 {[%emt 0:00:04]} 4. Nc3 {[%emt 0:00:20]} exd5 {[%emt 0:00:03]} 5. cxd5 {[%emt 0:00:05]} d6 {[%emt 0:00:03]} 6. Nf3 {[%emt 0:00:20]} g6 {[%emt 0:00:04]} 7. Nd2 {[%emt 0:00:06]} Nbd7 {[%emt 0:00:13]} 8. e4 {[%emt 0:00:23]} Bg7 {[%emt 0:00:49]} 9. Be2 {[%emt 0:02:16]} O-O {[%emt 0:03:14]} 10. O-O {[%emt 0:00:40]} a6 {[%emt 0:01:16]} 11. a4 {[%emt 0:00:07]} Re8 {[%emt 0:03:19]} 12. Qc2 {[%emt 0:00:04]} Rb8 {[%emt 0:00:20]} 13. Nc4 {[%emt 0:01:14]} Nb6 {[%emt 0:03:50]} 14. Ne3 {[%emt 0:05:34]} Qe7 {[%emt 0:13:32]} 15. a5 {[%emt 0:06:13]} Na8 {[%emt 0:03:48]} 16. Bd3 {[%emt 0:05:05]} Nc7 {[%emt 0:07:36]} 17. Nc4 {[%emt 0:02:39]} Nb5 {[%emt 0:07:37]} 18. f3 {[%emt 0:02:44]} Nd4 {[%emt 0:04:20]} 19. Qd1 {[%emt 0:00:55]} Nd7 {[%emt 0:00:03]} 20. f4 {[%emt 0:03:42]} b5 {[%emt 0:01:08]} 21. axb6 {[%emt 0:02:47]} Nxb6 {[%emt 0:00:06]} 22. Na5 {[%emt 0:02:31]} Qc7 {[%emt 0:03:55]} 23. f5 {[%emt 0:04:19]} c4 {[%emt 0:06:06]} 24. f6 {[%emt 0:04:44]} cxd3 25. fxg7 {[%emt 0:01:09]} Nc2 {[%emt 0:01:50]} 26. Qxd3 {[%emt 0:05:05]} Qc5+ {[%emt 0:02:02]} 27. Kh1 {[%emt 0:00:11]} Nxa1 {[%emt 0:00:08]} 28. Nc6 {[%emt 0:00:13]} Rb7 {[%emt 0:00:33]} 29. e5 {[%emt 0:02:47]} Bf5 {[%emt 0:01:22]} 30. Qg3 {[%emt 0:00:56]} Nxd5 {[%emt 0:00:29]} 31. Nxd5 {[%emt 0:00:32]} Qxd5 {[%emt 0:00:18]} 0-1

[Event "SVK Amateur-ch 2020"]
[Site "Topolcany"]
[Date "2020.07.13"]
[Round "6.19"]
[White "Pokrupa, Marek"]
[Black "Nikel, Rastislav"]
[Result "1/2-1/2"]
[WhiteElo "2186"]
[BlackElo "1982"]
[Annotator "TA"]
[PlyCount "171"]
[EventDate "2020.07.10"]
[EventType "swiss"]
[EventCountry "SVK"]
[SourceTitle "playchess.com"]
[Source "ChessBase"]
[SourceQuality "1"]

{[%evp 12,171,21,18,40,41,47,34,40,37,45,13,73,81,120,42,57,58,128,117,124,61,40,65,57,56,50,37,52,55,34,-9,44,49,22,0,0,0,0,-5,7,-35,-36,-54,-8,-4,-4,-91,-16,-14,-12,-43,0,0,0,-8,38,36,34,-20,-15,-293,-294,-536,-532,-529,-320,-478,-480,-4939,0,0,33,63,253,231,602,83,83,20,20,20,20,20,20,20,25,20,20,8,12,12,20,12,20,20,20,12,20,8,20,20,20,0,20,20,20,20,20,17,8,0,8,0,0,0,0,0,0,0,0,0,0,0,0,0,0,-27,-27,-41,-39,-81,-8,-81,-81,-81,-81,-81,-81,-81,-81,-81,-81,-81,-81,-81,-81,-81,-81,-81,-81,-81,-81,-81,-81,-81,-81,-81,-81,-79,-79,-74]} 1. c4 c6 2. g3 Nf6 3. Bg2 d5 4. Nf3 e6 5. b3 Be7 6. O-O O-O 7. d4 dxc4 {7...b6 is setting a new trend. E06: Closed Catalan: Early deviations.} 8. bxc4 c5 9. e3 Nc6 {White is slightly better.} 10. Bb2 {[#]} Qc7 $146 ({Predecessor:} 10... cxd4 11. exd4 Rb8 12. Qe2 b6 13. Nc3 Na5 14. a4 Bb7 15. Rad1 Rc8 16. d5 exd5 17. cxd5 {0-1 (44) Henin,C-Metz,F Ventura 1971}) 11. d5 exd5 (11... Qb6 $11) 12. cxd5 $16 Rd8 13. Nc3 (13. e4 $1 $16) 13... Bg4 14. h3 Bxf3 (14... Bh5 $1 $14) 15. Qxf3 ({Much worse is} 15. Bxf3 $6 c4 $11) 15... Ne5 16. Qf4 ({White should try} 16. Qe2 $1 $16) 16... a6 $14 17. Ne4 Nxe4 18. Bxe4 Bd6 19. Qf5 Ng6 20. Rac1 Qd7 21. f4 b5 (21... Qxf5 $11 22. Bxf5 Ne7) 22. Qxd7 Rxd7 23. Bf5 Rdd8 24. e4 Ne7 25. Bg4 {aiming for e5.} f5 26. Bxf5 (26. exf5 {feels hotter.} h5 27. Bxh5 c4 28. Kh2 Nxd5 29. Bf3) 26... Nxf5 27. exf5 c4 28. Kg2 Rac8 29. f6 (29. Rfd1 $11 {keeps the balance.}) 29... gxf6 (29... b4 $17 30. Bd4 c3) 30. Bxf6 $11 Rd7 31. Rc2 b4 32. Kf3 a5 33. Ke4 b3 34. axb3 $1 Re8+ 35. Kd4 (35. Be5 $14 cxb3 36. Rc6) 35... cxb3 36. Rb2 $2 {[%mdl 8192] [#]} (36. Rc4 $11 {and White stays safe.}) 36... Rf7 $1 $19 37. Bg5 $2 (37. Rxb3 Rxf6 38. Ra1) 37... a4 38. Ra1 h6 39. Bxh6 (39. Bf6 {was necessary.} Rxf6 40. Rxa4) 39... Rfe7 40. Kc4 (40. Rxa4 $142 Re4+ 41. Kd3 Rxa4 42. Rxb3) 40... Rc8+ $2 ({Black should play} 40... Re4+ $19 41. Kd3 Re3+ {[%mdl 64] Double Attack} 42. Kc4 Rc8+ 43. Kb5 Re4 44. Rxa4 Rc5+ {[%mdl 64] Double Attack} 45. Kb6 Rxa4 46. Rxb3 Ra8 47. f5 Rb8+ 48. Ka6 Rxb3 49. Be3 Rxe3 50. h4 Ra3+ 51. Kb7 Rb3+ 52. Ka6 Rc2 53. h5 Ra2#) 41. Kd3 $11 Ra7 42. Rxb3 $1 axb3 $2 (42... Rh7 $14 43. Rxa4 Rxh6) 43. Rxa7 $14 {[%mdl 4096] Endgame KRB-KRB} b2 $2 (43... Rb8 44. Ra1 b2) 44. Rb7 $2 (44. Rg7+ $18 {and the rest is easy.} Kh8 45. Rb7) 44... Ba3 $16 {[#] next ...Rc1 is good for Black.} 45. Bg7 (45. f5 $1 $16 {Threatens to win with g4.} Rc5 46. Bg7) 45... Rc7 $1 $11 {[%cal Rc7b7]} 46. Rxb2 {And now Be5 would win.} (46. Bxb2 $2 Rxb7 47. Bc3 (47. Bxa3 Rb3+ {[%mdl 64] Double Attack} 48. Kd4 Rxa3 $17) 47... Bb2 $17) 46... Rxg7 {KRB-KR} 47. Rg2 Bd6 48. Ke4 {Black should prevent Kf5.} Re7+ 49. Kf3 Ra7 50. Kg4 Ra5 51. Rd2 Kf7 52. h4 Kf6 53. Rd3 Kg6 54. Rd1 Kf6 55. Rd2 Kg6 56. Rd4 Kf6 57. Rd3 Kg6 58. h5+ Kf6 59. Rd4 Rb5 60. Rd1 Ra5 61. Rd4 Rb5 62. Kf3 Rb3+ 63. Kg2 Kf5 64. Kh3 Bc5 65. Rd1 {d6 is the strong threat.} Bf2 66. d6 Rxg3+ 67. Kh2 {Strongly threatening d7.} Rg8 68. d7 Bb6 69. Rd6 Bc7 70. Rc6 Bxf4+ 71. Kh1 Bg5 (71... Rd8 $17) 72. Rc8 (72. h6 $11) 72... Bd8 $17 {Black is better.} 73. Rc5+ Ke6 74. h6 Kxd7 75. h7 Rh8 76. Rh5 Bf6 77. Kg2 Ke6 78. Kf3 Kf7 79. Kg4 Kg6 80. Rh3 Bg5 81. Rh5 Bh6 82. Ra5 Kxh7 83. Kh5 Re8 84. Ra7+ Bg7 85. Ra6 Re5+ 86. Kg4 {Accuracy: White = 63%, Black = 75%.} 1/2-1/2

[Event "SVK Amateur-ch 2020"]
[Site "Topolcany"]
[Date "2020.07.13"]
[Round "6.20"]
[White "Voros, Gellert"]
[Black "Dobrosenskaya, Eva M."]
[Result "1-0"]
[WhiteElo "2182"]
[BlackElo "1294"]
[Annotator "TA"]
[PlyCount "81"]
[EventDate "2020.07.10"]
[EventType "swiss"]
[EventCountry "SVK"]
[SourceTitle "playchess.com"]
[Source "ChessBase"]
[SourceQuality "1"]

{[%evp 11,81,-8,12,12,10,0,0,0,0,0,36,16,16,8,22,19,24,24,28,18,26,39,40,14,55,54,40,38,24,36,33,21,65,47,101,59,60,-3,-11,-512,-504,-497,0,-480,251,245,245,171,207,275,379,381,502,493,502,499,494,494,490,490,487,487,828,477,925,918,748,700,662,535,513,513]} 1. e4 c5 2. c3 e6 3. d4 d5 4. exd5 exd5 5. Nf3 Nf6 6. Be2 Be7 7. O-O {B22: Sicilian: 2 c3.} O-O 8. Nbd2 Nc6 9. dxc5 {The position is equal.} Bxc5 10. Nb3 Be7 11. h3 Bf5 12. Be3 {[#]} Re8 $146 ({Predecessor:} 12... Qd7 13. Bd3 Ne4 14. Bxe4 Bxe4 15. Nbd4 Rae8 16. Qa4 Bd6 17. Rfd1 Bb8 18. Nd2 Qd6 {0-1 (32) Feng,Z-Zhang,H (1722) Changsha 2019}) 13. Re1 Qd7 14. Nbd4 Be4 15. Bb5 {Ne5! is the strong threat.} Bd6 16. Qa4 {[%cal Rd4c6]} Rac8 17. Nd2 a6 18. Bxc6 bxc6 19. Qxa6 c5 20. Nxe4 Nxe4 21. Nf3 Bb8 22. Qd3 h6 (22... c4 $14 23. Qd4 Bc7) 23. a4 Rc6 24. c4 ({Better is} 24. a5 $14) 24... Rg6 $11 25. Nh4 $2 {[%mdl 8192] [#]} (25. Kf1 $1 $11 {and White has nothing to worry.}) 25... Qxh3 $1 $19 26. Nxg6 Qh2+ 27. Kf1 {[#]} Qh1+ $4 {[%mdl 8192]} (27... d4 $1 $19 28. Ke2 (28. Bxd4 $2 {gets mated.} Nd2+ {[%mdl 64] Back Rank} 29. Qxd2 Qh1#) 28... Qxg2) 28. Ke2 $18 Qh5+ 29. f3 {Threatens to win with Ne7+.} d4 30. Nf4 Ng3+ 31. Kd1 Bxf4 32. Bxf4 {[%cal Re1e8] White is clearly winning.} Rxe1+ 33. Kxe1 Qh1+ 34. Kf2 Qxa1 35. Kxg3 ({Weaker is} 35. Bxg3 Qxa4 36. Bd6 Qc6 $18) 35... Qxa4 36. Bd2 Qd1 (36... f6 $142 37. b3 Qe8) 37. Kf2 Qh1 (37... h5 $142 38. Qe2 Qa4) 38. b4 Qh4+ 39. Kg1 Qe7 40. bxc5 Qxc5 41. Be1 {Accuracy: White = 69%, Black = 63%.} 1-0

[Event "SVK Amateur-ch 2020"]
[Site "Topolcany"]
[Date "2020.07.13"]
[Round "6.21"]
[White "Balint, Vilmos"]
[Black "Trangos, Miroslav"]
[Result "1-0"]
[WhiteElo "2140"]
[BlackElo "1971"]
[Annotator "ChessBase"]
[PlyCount "61"]
[EventDate "2020.07.10"]
[EventType "swiss"]
[EventCountry "SVK"]
[SourceTitle "playchess.com"]
[Source "ChessBase"]
[SourceQuality "1"]
[TimeControl "3600+30"]

1. e4 {[%emt 0:07:48]} e6 {[%emt 0:00:00]} 2. d4 {[%emt 0:00:33]} d5 {[%emt 0:00:00]} 3. Nc3 {[%emt 0:00:20]} Bb4 {[%emt 0:00:08]} 4. e5 {[%emt 0:01:10]} c5 {[%emt 0:00:18]} 5. a3 {[%emt 0:00:06]} cxd4 {[%emt 0:00:26]} 6. axb4 {[%emt 0:00:48]} dxc3 {[%emt 0:00:02]} 7. bxc3 {[%emt 0:01:24]} Qc7 {[%emt 0:01:03]} 8. Nf3 {[%emt 0:00:35]} Qxc3+ {[%emt 0:00:22]} 9. Bd2 {[%emt 0:00:03]} Qc7 {[%emt 0:00:10]} 10. Bd3 Nd7 {[%emt 0:02:35]} 11. Qe2 {[%emt 0:00:37]} Ne7 {[%emt 0:00:57]} 12. O-O {[%emt 0:02:03]} Nb6 {[%emt 0:03:21]} 13. Nd4 {[%emt 0:02:31]} Bd7 {[%emt 0:01:43]} 14. Ra5 {[%emt 0:02:48]} Nc6 {[%emt 0:04:38]} 15. Nxc6 {[%emt 0:03:23]} Bxc6 {[%emt 0:04:04]} 16. b5 {[%emt 0:00:57]} Bd7 {[%emt 0:01:58]} 17. Rfa1 {[%emt 0:02:44]} O-O {[%emt 0:03:53]} 18. R5a3 {[%emt 0:05:31]} Nc4 {[%emt 0:05:52]} 19. b6 {[%emt 0:06:17]} Qxb6 {[%emt 0:02:53]} 20. Bxh7+ {[%emt 0:01:35]} Kxh7 {[%emt 0:00:17]} 21. Rh3+ {[%emt 0:00:17]} Kg8 {[%emt 0:00:18]} 22. Qh5 {[%emt 0:00:05]} f6 {[%emt 0:05:11]} 23. Qh7+ {[%emt 0:02:54]} Kf7 {[%emt 0:00:02]} 24. exf6 {[%emt 0:03:31]} Rg8 {[%emt 0:01:52]} 25. Qh5+ {[%emt 0:01:24]} g6 {[%emt 0:02:46]} 26. Qh7+ {[%emt 0:00:29]} Kxf6 {[%emt 0:00:03]} 27. Bc3+ {[%emt 0:09:41]} e5 {[%emt 0:13:06]} 28. Qxd7 {[%emt 0:01:55]} Qd8 {[%emt 0:02:27]} 29. Rf3+ {[%emt 0:00:49]} Kg5 {[%emt 0:00:23]} 30. Qh7 {[%emt 0:03:05]} Rc8 {[%emt 0:05:20]} 31. Rf7 1-0

[Event "SVK Amateur-ch 2020"]
[Site "Topolcany"]
[Date "2020.07.13"]
[Round "6.22"]
[White "Bielik, Miroslav"]
[Black "Plasek, Zdenek"]
[Result "1-0"]
[WhiteElo "2133"]
[BlackElo "1966"]
[Annotator "ChessBase"]
[PlyCount "64"]
[EventDate "2020.07.10"]
[EventType "swiss"]
[EventCountry "SVK"]
[SourceTitle "playchess.com"]
[Source "ChessBase"]
[SourceQuality "1"]
[TimeControl "3600+30"]

1. d4 {[%emt 0:00:00]} d5 {[%emt 0:00:57]} 2. Bf4 {[%emt 0:00:36]} Nf6 {[%emt 0:00:46]} 3. e3 {[%emt 0:00:12]} c5 {[%emt 0:00:13]} 4. c3 {[%emt 0:00:22]} Nc6 {[%emt 0:00:20]} 5. Nd2 {[%emt 0:00:12]} e6 {[%emt 0:00:11]} 6. Ngf3 {[%emt 0:00:21]} Bd6 {[%emt 0:00:05]} 7. dxc5 {[%emt 0:01:23]} Bxc5 {[%emt 0:00:05]} 8. Be2 {[%emt 0:00:40]} O-O 9. O-O Bd6 {[%emt 0:02:20]} 10. Bg5 {[%emt 0:01:00]} h6 {[%emt 0:10:01]} 11. Bh4 {[%emt 0:02:40]} g5 {[%emt 0:00:33]} 12. Bg3 {[%emt 0:00:01]} Bxg3 {[%emt 0:00:12]} 13. hxg3 {[%emt 0:00:02]} Qe7 {[%emt 0:01:58]} 14. b4 {[%emt 0:03:32]} Nd7 {[%emt 0:01:34]} 15. e4 {[%emt 0:01:23]} Nf6 {[%emt 0:03:42]} 16. exd5 {[%emt 0:04:01]} Nxd5 {[%emt 0:00:35]} 17. Qb3 {[%emt 0:01:35]} b6 {[%emt 0:12:17]} 18. Rfe1 {[%emt 0:08:01]} Bb7 {[%emt 0:02:01]} 19. Nc4 {[%emt 0:06:25]} Nc7 {[%emt 0:06:28]} 20. b5 {[%emt 0:01:49]} Nb8 {[%emt 0:00:20]} 21. Nce5 {[%emt 0:01:20]} Nd7 {[%emt 0:00:50]} 22. Nxd7 {[%emt 0:16:05]} Qxd7 {[%emt 0:00:02]} 23. a4 {[%emt 0:00:18]} Qe7 {[%emt 0:01:18]} 24. a5 {[%emt 0:07:59]} Rfd8 {[%emt 0:00:29]} 25. Red1 {[%emt 0:02:04]} Nd5 {[%emt 0:08:27]} 26. c4 {[%emt 0:01:00]} Nf6 {[%emt 0:00:05]} 27. Qb2 {[%emt 0:01:24]} Nd7 {[%emt 0:02:43]} 28. Nh2 {[%emt 0:04:13]} Qf6 {[%emt 0:00:18]} 29. Qc2 {[%emt 0:00:18]} Ne5 {[%emt 0:02:55]} 30. a6 {[%emt 0:00:34]} Bc8 {[%emt 0:00:57]} 31. Rxd8+ {[%emt 0:00:12]} Qxd8 {[%emt 0:00:03]} 32. Qe4 {[%emt 0:00:12]} Nf3+ {[%emt 0:03:30]} 1-0

[Event "SVK Amateur-ch 2020"]
[Site "Topolcany"]
[Date "2020.07.13"]
[Round "6.23"]
[White "Strachan, Jan"]
[Black "Matis, Tibor"]
[Result "1-0"]
[WhiteElo "2130"]
[BlackElo "1942"]
[Annotator "TA"]
[PlyCount "65"]
[EventDate "2020.07.10"]
[EventType "swiss"]
[EventCountry "SVK"]
[SourceTitle "playchess.com"]
[Source "ChessBase"]
[SourceQuality "1"]

{[%evp 16,65,21,20,54,46,52,60,80,93,109,93,113,115,99,88,108,89,75,59,52,45,30,16,23,21,268,289,333,328,339,329,354,327,332,328,399,377,359,303,301,312,285,237,243,249,804,664,962,970,952,940]} 1. e4 c5 2. Nf3 Nc6 3. Bb5 d6 4. O-O Nf6 5. Re1 Bd7 6. c3 a6 7. Bf1 Bg4 8. d4 cxd4 9. cxd4 Bxf3 {B51: Sicilian: Moscow Variation (3 Bb5+) without 3...Bd7.} 10. gxf3 e5 11. d5 Nb8 {White is slightly better.} 12. Qb3 b6 {[#]} 13. Be3 $146 ({Predecessor:} 13. Qa4+ Nfd7 14. Be3 Be7 15. Nd2 O-O 16. Rac1 Ra7 17. Qa3 Rb7 18. Rc2 f5 19. exf5 {1-0 (58) Antipov,M (2502)-Cebalo,M (2426) Biel 2014}) 13... Nbd7 14. Nd2 Be7 15. Rac1 Nc5 16. Qa3 a5 17. Bb5+ Nfd7 18. Bc6 (18. Bxc5 $5 bxc5 19. Nc4 $16) 18... Rb8 19. Qc3 $36 {[%mdl 2048] White fights for an advantage.} O-O 20. a3 {Black must now prevent b4.} Qc7 $2 {[#] This costs Black the game.} (20... a4 $1 $11 {and Black is okay.}) 21. b4 $18 Na6 22. Qd3 axb4 23. Qxa6 bxa3 24. Qxa3 Nc5 25. f4 f6 26. f3 b5 27. Rb1 ({Weaker is} 27. Bxc5 dxc5 28. Rb1 c4 $18) 27... b4 28. Qa2 {[#] Hoping for Bxc5.} ({Resist} 28. Rxb4 Rxb4 29. Qxb4 Nd3 $18) 28... Nd3 29. Re2 {Threatens to win with f5.} exf4 30. Bd4 f5 $2 (30... Ne5 31. Kg2 Bd8) 31. Qb3 {White is clearly winning.} fxe4 32. Nxe4 Ne5 33. Bxe5 {Accuracy: White = 90%, Black = 54%.} 1-0